000 01059nam a2200385 a 4500
003 AR-BaBNM
005 20251128204335.0
008 082120s2002 ||||||||||||||000 | spa||
020 _a84-7046-333-0
040 _cAR-BaBNM
100 1 _aSanuy, Montserrat
245 0 0 _aAl son que tocan, bailo
_bactividades para una educación musical : 2 a 7 años
250 _a3ª ed.
260 _aBogotá
_bCincel-Kapelusz
_c1988
300 _a148 p.
_bil.
490 0 _aExpresión y escuela
500 _aContiene cuadro de aspectos técnicos
650 4 _aEDUCACION MUSICAL
650 4 _aPERCEPCION AUDITIVA
650 4 _aESTIMULOS AUDITIVOS
650 4 _aJUEGOS EDUCATIVOS
650 4 _aJUEGOS INFANTILES
650 4 _aFOLKLORE
650 4 _aRITMO
650 4 _aACUSTICA
650 4 _aACTIVIDADES DE APRENDIZAJE
650 4 _aCANTO
650 4 _aOBJETIVOS EDUCACIONALES
650 4 _aEDUCACION ESTETICA
653 _aEDUCACION INICIAL
653 _aEDUCACION PRIMARIA
700 1 _aSanuy, Conchita
942 _cBK
998 _cCarmen
999 _c7081
_d7081